[Event "Thessaloniki-Chalkidiki-chT B local"]
[Site "Thessaloniki"]
[Date "2019.02.24"]
[Round "6.3"]
[White "Zonidis, Petros"]
[Black "Hidzos, Georgios"]
[Result "1-0"]
[WhiteElo "1646"]
[BlackElo "1821"]
[PlyCount "63"]
[EventDate "2019.01.13"]
[EventType "team-swiss"]
[EventRounds "9"]
[EventCountry "GRE"]
[SourceTitle "EXT 2020"]
[Source "ChessBase"]
[SourceDate "2019.10.17"]
[SourceVersion "1"]
[SourceVersionDate "2019.10.17"]
[SourceQuality "1"]

1. e4 c5 2. Nf3 e6 3. d4 cxd4 4. Nxd4 Nc6 5. Be3 Nf6 6. Nc3 Bb4 7. Nxc6 bxc6 8. Bd3 0-0 9. e5 Nd5 10. Bd2 Qa5 11. Ne4 Nf4 12. Bxb4 Qxb4+ 13. Qd2 Qxd2+ 14. Kxd2 Nxg2 15. Rhg1 Nf4 16. Rg4 Ng6 17. Rag1 f5 18. exf6 d5 19. fxg7 Kxg7 20. Nd6 Rxf2+ 21. Ke3 Rf5 22. Bxf5 exf5 23. Rb4 c5 24. Rb5 d4+ 25. Kd2 Be6 26. Rxc5 Kf6 27. Rf1 Nh4 28. Ne4+ Kg6 29. Ng3 Rf8 30. Ne2 Rd8 31. Kd3 Bd5 32. Rxd5 1-0